000
00454nam a2200145Ia 4500
008
100122s9999 xx 000 0 und d
082
_b
29875
_a
823.08
100
_a
क्षेत्रमाडे सुमती
245
_a
सिंधुदुर्ग
260
_b
कल्पतरु प्रकाशन
_c
1980
300
_a
156
630
_a
सिंधुदुर्ग
730
_a
सिंधुदुर्ग
942
_c
BOOK
999
_c
414960
_d
414957